| 000 | 01450nam a2200373 a 4500 | ||
|---|---|---|---|
| 001 | 000044148 | ||
| 003 | DO-SdBNP | ||
| 005 | 20170929115824.0 | ||
| 007 | 000044148 | ||
| 008 | 140602s2011 dr ac 000 0 spa d | ||
| 020 | _a9789945429176 | ||
| 040 |
_aBPMSU _bspa _cBPMSU |
||
| 082 | 4 |
_aRD863.44 _bM671v, 2011 |
|
| 100 | 1 |
_aMirabal, Dedé, _d1925- |
|
| 245 | 1 | 0 |
_aVivas en su jardín : _bmemorias / _cDedé Mirabal; introducción de Júlia Álvarez |
| 250 | _a3a. ed. | ||
| 260 |
_aSanto Domingo : _bAguilar : _bSantillana, _c2011 |
||
| 300 |
_a336 p. : _bil., retrs. ; _c24 cm. |
||
| 500 | _aIncluye datos biográficos de la autora en la solapa de contracubierta | ||
| 504 | _aIncluye referencias bibliográficas y notas al pie de las páginas | ||
| 600 | 1 | 4 |
_aMIRABAL, MARÍA TERESA, _d1935-1960 |
| 600 | 1 | 4 |
_aMIRABAL, MINERVA, _d1926-1960 |
| 600 | 1 | 4 |
_aMIRABAL, PATRIA MERCEDES, _d1924-1960 |
| 600 | 1 | 4 |
_aTAVÁREZ JUSTO, MANOLO, _d1931-1963 |
| 650 | 4 | _aNOVELA HISTÓRICA DOMINICANA | |
| 650 | 4 | _aHISTORIA EN LA LITERATURA | |
| 650 | 4 | _aLITERATURA DOMINICANA | |
| 651 | 4 |
_aREPÚBLICA DOMINICANA _xHISTORIA _yERA DE TRUJILLO, 1930-1961 |
|
| 700 | 1 | 2 |
_aÁlvarez, Júlia, _eintrod. |
| 910 | _aValidado. Control de calidad MFF | ||
| 942 |
_2ddc _cBK |
||
| 945 | _aInventariado / 2017 VM | ||
| 956 |
_aVMATEO _b10 _c20150507 _lBPMSU _h00151 |
||
| 999 |
_c7814 _d7814 |
||